Osaka /
Uložené v:
| Hlavný autor: | |
|---|---|
| Médium: | Kniha |
| Jazyk: | Russian |
| Vydané: |
Moskva :
Nauka,
1983.
|
| Vydanie: | 1. izd. |
| Edícia: | Rasskazy o stranach Vostoka
|
| ISBN: |
(brož.) |
| Fyzický popis: |
284 s. : obr. príl. |
| Tagy: |
Pridať tag
Žiadne tagy, Buďte prvý kto otaguje tento záznam!
|
Titul je dostupný aj v ... 

MARC
| LEADER | 00000nam a22000001a 4500 | ||
|---|---|---|---|
| 001 | 000414338 | ||
| 005 | 20130102182042.0 | ||
| 008 | 041113s1983 ru e rus d | ||
| 020 | |a (brož.) |c Kčs 15,50 | ||
| 040 | |a SVKKK |b slo |c SVKKK |e AACR2 | ||
| 041 | 0 | |a rus | |
| 044 | |a ru |c RU | ||
| 100 | 1 | |a Navlickaja, Galina Bronislavovna |4 aut | |
| 245 | 1 | 0 | |a Osaka / |c Galina Bronislavovna Navlickaja. |
| 250 | |a 1. izd. | ||
| 260 | |a Moskva : |b Nauka, |c 1983. | ||
| 300 | |a 284 s. : |b obr. príl. | ||
| 490 | 1 | |a Rasskazy o stranach Vostoka | |
| 500 | |a Bibliogr. na konci knihy | ||
| 910 | |a svkkk | ||
| 998 | |a BK | ||
| 090 | |g SCKHL |k Sklad Pribinova 2. posch. |a II.292141 |j 708141 |i B277963 |s Absenčne | ||